000 00632nam a2200217 a 4500
005 20140310183318.0
008 060104s19uu xx 00 eng d
050 _aT 385
_b.C932 2004
100 _aCrisostomo, Conchita C.
245 _aVisual graphics. Level 5 /
_cConchita C. Crisostomo.
250 _a3rd ed.
260 _b3K-IT Educational Services,
_c2004.
_aLas PiƱas :
300 _a142 p. :
_bill. ;
_c25 cm.
521 _aIT
650 _aMicrosoft Visual BASIC.
650 _aComputer animation.
650 _aMicrocomputers.
650 _aWindows (Computer programs)
942 _cBK
_2lcc
_kLOC
999 _c21330
_d21330